| 000 | 00419nam a2200133Ia 4500 | ||
|---|---|---|---|
| 008 | 170516s9999 xx 000 0 und d | ||
| 245 | _aCyclodextrin and Polyethylenimine Functionalized Mesoporous Silica Nanoparticles for Delivery of siRNA Cancer Therapeutics | ||
| 260 | _bTheranostics | ||
| 260 | _c2014 | ||
| 300 | _a4:5 | ||
| 650 | _xMedical Technology | ||
| 650 | _xMedtech | ||
| 856 | _uhttp://www.thno.org/v4i5 | ||
| 999 |
_c330158 _d330158 |
||